000 00561nam a2200193Ia 4500
005 20250508165854.0
008 008 250505s9999 xx 000 0 eng d
037 _aTheses
040 _aFEDL
_beng
_cFEDL
041 _aeng
_2eng
084 _a407, RAA/TH
_qFEDL
100 _aRaaj Shilpy
_9779593
245 0 _aMultilingual classroom as a resource: Implications for the language curriculum
260 _c2017
300 _aiii, 546p.
546 _aPh. D. Thesis (Delhi University)
942 _cTH
_h407, RAA/TH
999 _c1397910
_d1397910